NBA 2K17 Sunset Beach Quiz - Statistics

General Stats
  • This quiz has been taken 187 times
  • The average score is 5 of 8
Answer Stats
Hint Answer % Correct
What Score do You Play to? 21
90%
How Many 2v2 Courts are There? 3
90%
How Many Courts Are There? 8
89%
What Color Courts Does Sunset Beach Have? Green
79%
What is the Team Name of Sunset Beach? Ballers
75%
What Tree is on the Logo? Palm Tree
52%
Where is Sunset Beach Located? Hawaii
7%
What Exclusive Game Mode Does Sunset Beach Have? 4v4s
3%
No matching quizzes found
Score Distribution
Percent of People with Each Score
Percentile by Number Answered
Your Score History
You have not taken this quiz